Бетатрон без железного ярма и полюсов; Известия Томского политехнического института [Известия ТПИ]; Т. 87 : Электронные циркулярные ускорители

Bibliografiske detaljer
Parent link:Известия Томского политехнического института [Известия ТПИ]/ Томский политехнический институт (ТПИ).— , 1944-1976
Т. 87 : Электронные циркулярные ускорители.— 1957.— [С. 101-105]
Hovedforfatter: Димов Г. И. Геннадий Иванович
Andre forfattere: Носков Д. А.
Summary:Заглавие с титульного листа
Электронная версия печатной публикации
Sprog:russisk
Udgivet: 1957
Fag:
Online adgang:http://www.lib.tpu.ru/fulltext/v/Bulletin_TPU/1957/v87/13.pdf
Format: MixedMaterials Electronisk Book Chapter
KOHA link:https://koha.lib.tpu.ru/cgi-bin/koha/opac-detail.pl?biblionumber=189212

MARC

LEADER 00000nla2a2200000 4500
001 189212
005 20231101224206.0
035 |a (RuTPU)RU\TPU\book\205594 
035 |a RU\TPU\book\205590 
090 |a 189212 
100 |a 20101221d1957 k y0rusy50 ca 
101 0 |a rus 
102 |a RU 
135 |a drnn ---uucaa 
181 0 |a i  
182 0 |a b 
200 1 |a Бетатрон без железного ярма и полюсов  |b Электронный ресурс  |f Г. И. Димов, Д. А. Носков 
203 |a Текст  |c электронный 
215 |a 1 файл (352 Кб) 
230 |a Электронные текстовые данные (1 файл : 352 Кб) 
300 |a Заглавие с титульного листа 
300 |a Электронная версия печатной публикации 
320 |a [Библиогр.: с. 105 (1 назв.)] 
337 |a Adobe Reader 
461 1 |0 (RuTPU)RU\TPU\book\200995  |t Известия Томского политехнического института [Известия ТПИ]  |f Томский политехнический институт (ТПИ)  |d 1944-1976 
463 1 |0 (RuTPU)RU\TPU\book\205577  |t Т. 87 : Электронные циркулярные ускорители  |v [С. 101-105]  |d 1957  |p 447 с. 
610 1 |a электронный ресурс 
610 1 |a труды учёных ТПУ 
700 1 |a Димов  |b Г. И.  |c российский физик-экспериментатор, член-корреспондент РАН, профессор  |c выпускник Томского политехнического института  |f 1927-  |g Геннадий Иванович  |2 stltpush  |3 (RuTPU)RU\TPU\pers\26270  |9 12044 
701 1 |a Носков  |b Д. А. 
801 1 |a RU  |b 63413507  |c 20090320  |g PSBO 
801 2 |a RU  |b 63413507  |c 20110923  |g PSBO 
856 4 |u http://www.lib.tpu.ru/fulltext/v/Bulletin_TPU/1957/v87/13.pdf 
942 |c CF